000
00294nam a2200121Ia 4500
005
20251222153535.0
008
251222s9999||||xx |||||||||||||| ||spa||
020
_a
9972229017
082
_a
345.002.6/J95/2018
245
0
_a
Código Penal
264
_b
Jurista Editores E. I. R. L.
942
_c
LIB
999
_c
30255
_d
30255